000 00739nam a2200253 i 4500
001 bgj
100 1 _aLONGHURST, Brian
245 1 0 _aPopular Music and Society /
_cBrian Longhurst.
250 _a[Reprint].
260 _aCambridge :
_bPolity Press,
_c1996.
300 _aXVI, 277 pp :
_bill. ;
_c23 cm.
500 _a1st published in 1995 in association with Blackwell Publishers Ltd.
504 _aBibliography p. 255-266.
505 _aIncludes index.
650 9 _aPopular music
_xSocial aspects
650 9 _aMusic and society
650 9 _aPopular culture
020 _a0745614647 (pbk)
040 _cBPK
041 0 _aeng
920 _a0-7456-1464-7 (pbk)
942 _cKS
008 s uk f |000 0 eng
999 _c50138
_d50138
856 _uhttp://koha.tu.koszalin.pl/cgi-bin/koha/opac-detail.pl?biblionumber=50138
_yKatalog online BPK